000 00487nam a2200193Ia 4500
005 20240823043558.0
008 240823s9999||||xx |||||||||||||| ||und||
020 _a978-81-318-0660-9
041 _aENGLISH
082 _A005.133 P9
100 _aDixit J B
245 0 _aFundamentals of Computing and Programming
250 _a1st
260 _c2009
_bLaxmi Publication (P
_aNew Delhi
500 _aTRANSFERED
650 _aComputing
_bElectronics
942 _cBK
999 _c210551
_d210551